Score 0/162 Timer 14:00
0 Plays Today
Hint Cyclist % Correct
2014 - Vuelta a EspañaBMC Racing Team
97.9%
2014 - Giro d'ItaliaBMC Racing Team
97.9%
2013 - Tour de FranceBMC Racing Team
97.9%
2013 - Giro d'ItaliaBMC Racing Team
97.9%
2012 - Tour de FranceBMC Racing Team
97.9%
2011 - Tour de FranceBMC Racing Team
97.9%
2010 - Tour de FranceBMC Racing Team
97.9%
2010 - Giro d'ItaliaBMC Racing Team
97.9%
2013 - Tour de FranceTejay van Garderen
93.6%
2012 - Tour de FranceTejay van Garderen
93.6%
2009 - Vuelta a EspañaSilence - Lotto
93.6%
2009 - Tour de FranceSilence - Lotto
93.6%
2008 - Tour de FranceSilence - Lotto
93.6%
2007 - Vuelta a EspañaPredictor - Lotto
93.6%
2007 - Tour de FrancePredictor - Lotto
93.6%
2006 - Tour de FranceDavitamon - Lotto
93.6%
2005 - Tour de FranceDavitamon - Lotto
93.6%
2014 - Vuelta a EspañaPhilippe Gilbert
91.5%
2013 - Tour de FrancePhilippe Gilbert
91.5%
2012 - Tour de FrancePhilippe Gilbert
91.5%
2009 - Vuelta a EspañaPhilippe Gilbert
91.5%
2009 - Tour de FranceGreg van Avermaet
91.5%
2004 - Vuelta a EspañaAlexandre Vinokourov
78.7%
2013 - Tour de FranceAmaël Moinard
76.6%
2012 - Tour de FranceAmaël Moinard
76.6%
2011 - Tour de FranceAmaël Moinard
76.6%
2008 - Tour de FranceRobbie McEwen
76.6%
2007 - Tour de FranceRobbie McEwen
76.6%
2006 - Tour de FranceRobbie McEwen
76.6%
2005 - Tour de FranceRobbie McEwen
76.6%
2004 - Vuelta a EspañaT-Mobile Team
76.6%
2014 - Giro d'ItaliaDaniel Oss
74.5%
2013 - Tour de FranceMichael Schär
74.5%
2013 - Giro d'ItaliaDaniel Oss
74.5%
2012 - Tour de FranceMichael Schär
74.5%
2011 - Tour de FranceMichael Schär
74.5%
2010 - Giro d'ItaliaMichael Schär
74.5%
2014 - Giro d'ItaliaBrent Bookwalter
72.3%
2013 - Tour de FranceBrent Bookwalter
72.3%
2013 - Tour de FranceMarcus Burghardt
72.3%
2012 - Tour de FranceMarcus Burghardt
72.3%
2011 - Tour de FranceBrent Bookwalter
72.3%
2011 - Tour de FranceMarcus Burghardt
72.3%
2010 - Tour de FranceBrent Bookwalter
72.3%
2010 - Tour de FranceMarcus Burghardt
72.3%
2010 - Giro d'ItaliaBrent Bookwalter
72.3%
2014 - Vuelta a EspañaSamuel Sánchez
70.2%
2014 - Giro d'ItaliaSamuel Sánchez
70.2%
2003 - Vuelta a EspañaTeam Telekom
70.2%
2014 - Vuelta a EspañaSteve Morabito
68.1%
2014 - Giro d'ItaliaSteve Morabito
68.1%
2013 - Tour de FranceSteve Morabito
68.1%
2013 - Giro d'ItaliaSteve Morabito
68.1%
2011 - Tour de FranceSteve Morabito
68.1%
Hint Cyclist % Correct
2010 - Tour de FranceSteve Morabito
68.1%
2002 - Giro d'ItaliaRobert Hunter
68.1%
2014 - Vuelta a EspañaManuel Quinziato
63.8%
2014 - Vuelta a EspañaDanilo Wyss
63.8%
2014 - Giro d'ItaliaManuel Quinziato
63.8%
2014 - Giro d'ItaliaDanilo Wyss
63.8%
2013 - Tour de FranceManuel Quinziato
63.8%
2013 - Giro d'ItaliaDanilo Wyss
63.8%
2012 - Tour de FranceManuel Quinziato
63.8%
2011 - Tour de FranceManuel Quinziato
63.8%
2010 - Giro d'ItaliaDanilo Wyss
63.8%
2002 - Giro d'ItaliaMapei - Quick Step
63.8%
2009 - Tour de FranceJurgen van den Broeck
61.7%
2008 - Tour de FranceYaroslav Popovych
61.7%
2004 - Vuelta a EspañaSantiago Botero
61.7%
2010 - Tour de FranceMathias Frank
59.6%
2008 - Tour de FranceMario Aerts
59.6%
2007 - Vuelta a EspañaMario Aerts
59.6%
2007 - Tour de FranceMario Aerts
59.6%
2006 - Tour de FranceMario Aerts
59.6%
2005 - Tour de FranceMario Aerts
59.6%
2003 - Vuelta a EspañaMario Aerts
59.6%
2013 - Giro d'ItaliaSteve Cummings
57.4%
2012 - Tour de FranceSteve Cummings
57.4%
2012 - Tour de FranceGeorge Hincapie
57.4%
2011 - Tour de FranceGeorge Hincapie
57.4%
2010 - Tour de FranceGeorge Hincapie
57.4%
2004 - Vuelta a EspañaErik Zabel
57.4%
2003 - Vuelta a EspañaErik Zabel
57.4%
2013 - Giro d'ItaliaTaylor Phinney
55.3%
2007 - Vuelta a EspañaChris Horner
55.3%
2007 - Tour de FranceChris Horner
55.3%
2006 - Tour de FranceChris Horner
55.3%
2002 - Giro d'ItaliaPaolo Bettini
53.2%
2014 - Vuelta a EspañaRohan Dennis
51.1%
2007 - Tour de FranceFred Rodriguez
48.9%
2006 - Tour de FranceFred Rodriguez
48.9%
2005 - Tour de FranceFred Rodriguez
48.9%
2009 - Vuelta a EspañaJürgen Roelandts
46.8%
2009 - Vuelta a EspañaCharles Wegelius
46.8%
2009 - Tour de FranceCharles Wegelius
46.8%
2004 - Vuelta a EspañaSteffen Wesemann
46.8%
2003 - Vuelta a EspañaSteffen Wesemann
46.8%
2010 - Tour de FranceAlessandro Ballan
44.7%
2009 - Vuelta a EspañaMatthew Lloyd
44.7%
2009 - Tour de FranceMatthew Lloyd
44.7%
2008 - Tour de FranceJohan Vansummeren
44.7%
2007 - Tour de FranceJohan Vansummeren
44.7%
2006 - Tour de FranceJohan Vansummeren
44.7%
2005 - Tour de FranceJohan Vansummeren
44.7%
2009 - Tour de FranceJohan Vansummeren
42.6%
2002 - Giro d'ItaliaStefano Garzelli
42.6%
2014 - Giro d'ItaliaBen Hermans
40.4%
2009 - Tour de FranceSebastian Lang
40.4%
Hint Cyclist % Correct
2008 - Tour de FranceDario David Cioni
40.4%
2008 - Tour de FranceLeif Hoste
40.4%
2007 - Tour de FranceDario David Cioni
40.4%
2007 - Tour de FranceLeif Hoste
40.4%
2002 - Giro d'ItaliaDario David Cioni
40.4%
2013 - Giro d'ItaliaIvan Santaromita
38.3%
2011 - Tour de FranceIvan Santaromita
38.3%
2010 - Tour de FranceMauro Santambrogio
38.3%
2010 - Giro d'ItaliaMauro Santambrogio
38.3%
2009 - Vuelta a EspañaChristophe Brandt
38.3%
2008 - Tour de FranceChristophe Brandt
38.3%
2008 - Tour de FranceWim Vansevenant
38.3%
2007 - Vuelta a EspañaChristophe Brandt
38.3%
2007 - Tour de FranceWim Vansevenant
38.3%
2006 - Tour de FranceChristophe Brandt
38.3%
2006 - Tour de FranceWim Vansevenant
38.3%
2005 - Tour de FranceChristophe Brandt
38.3%
2005 - Tour de FranceWim Vansevenant
38.3%
2003 - Vuelta a EspañaBobby Julich
36.2%
2014 - Vuelta a EspañaDominik Nerz
34%
2013 - Giro d'ItaliaAdam Blythe
34%
2010 - Tour de FranceKarsten Kroon
34%
2009 - Vuelta a EspañaMickaël Delage
34%
2009 - Tour de FranceMickaël Delage
34%
2004 - Vuelta a EspañaAndreas Klier
31.9%
2002 - Giro d'ItaliaDaniele Nardello
31.9%
2005 - Tour de FranceAxel Merckx
27.7%
2010 - Giro d'ItaliaMartin Kohler
25.5%
2002 - Giro d'ItaliaAndrea Noè
25.5%
2013 - Giro d'ItaliaKlaas Lodewyck
23.4%
2007 - Vuelta a EspañaWim van Huffel
23.4%
2007 - Vuelta a EspañaBart Dockx
23.4%
2005 - Tour de FranceLéon van Bon
23.4%
2002 - Giro d'ItaliaDavide Bramati
23.4%
2014 - Giro d'ItaliaYannick Eijssen
21.3%
2007 - Vuelta a EspañaBert Roesems
21.3%
2004 - Vuelta a EspañaTomas Konecny
21.3%
2004 - Vuelta a EspañaStephan Schreck
21.3%
2003 - Vuelta a EspañaStephan Schreck
21.3%
2009 - Vuelta a EspañaOlivier Kaisen
19.1%
2007 - Vuelta a EspañaJosep Jufré
19.1%
2006 - Tour de FranceGert Steegmans
19.1%
2002 - Giro d'ItaliaPaolo Fornaciari
19.1%
2009 - Tour de FranceStaf Scheirlinckx
17%
2003 - Vuelta a EspañaJan Schaffrath
14.9%
2014 - Vuelta a EspañaLarry Warbasse
12.8%
2009 - Vuelta a EspañaFrancis de Greef
12.8%
2004 - Vuelta a EspañaTorsten Hiekmann
10.6%
2003 - Vuelta a EspañaTorsten Hiekmann
10.6%
2010 - Giro d'ItaliaJeff Louder
8.5%
2010 - Giro d'ItaliaJohn Murphy
6.4%
2007 - Vuelta a EspañaRoy Sentjens
6.4%
2003 - Vuelta a EspañaChristian Werner
6.4%
2010 - Giro d'ItaliaFlorian Stalder
4.3%
Remove Ads.
Support Sporcle.
Get the best of Sporcle when you Go Orange. This ad-free experience offers more features, more stats, and more fun while also helping to support Sporcle. Thank you for becoming a member.

You're not logged in!

Compare scores with friends on all Sporcle quizzes.
OR
Log In

Show Comments

Extras

Top Quizzes Today


Score Distribution

Your Account Isn't Verified!

In order to create a playlist on Sporcle, you need to verify the email address you used during registration. Go to your Sporcle Settings to finish the process.

Report this User

Report this user for behavior that violates our Community Guidelines.

Details: